| 000 | 00604nam a22002177a 4500 | ||
|---|---|---|---|
| 005 | 20230812144958.0 | ||
| 008 | 230811b |||||||| |||| 00| 0 eng d | ||
| 020 |
_a9789383154821 _cRs.699.00 |
||
| 040 | _aLoreto college | ||
| 041 | _aEnglish | ||
| 082 |
_a371.102 _bSST-SIN |
||
| 100 | _aSingh, Indira | ||
| 245 |
_aTeaching of social studies _cIndira Singh and Satnam Singh |
||
| 250 | _aRev.ed. | ||
| 260 |
_aNew Delhi _bParagon International _c2022 |
||
| 300 |
_a428p. _b21cm. |
||
| 650 | _aSocial studies-Teaching methods | ||
| 700 |
_4Auth _aSingh,Satnam |
||
| 850 | _aLCBED | ||
| 942 | _cBK | ||
| 999 |
_c43382 _d93861 |
||